000 01005nam a2200253 a 4500
001 85253
003 BD-RjUL
005 20250723102458.0
008 250721s2025 bg ||||| |||| 00| 0 ben d
020 _a9789845970013
035 _a(BD-RjUL)85253
040 _aBD-RjUL
_beng
_cBD-RjUL
041 _aben
082 _223
_a371.81095492
_bSIT 2025
100 _aসিদ্দিকী, আহমদ আরমান
_916125
245 0 1 _a৩৬ জুলাই ২০২৪ /
_cআহমদ আরমান সিদ্দিকী
260 _aঢাকা :
_bঐতিহ্য,
_c২০২৫
300 _a১৩৪ পৃ.;
_c২২ সেমি
650 _aছাত্র আন্দোলন
_zবাংলাদেশ
_916123
650 _aStudent movements
_zBangladesh
_916124
650 _aগণঅভ্যুত্থান
_yজুলাই, ২০২৪
_zবাংলাদেশ |
_916126
650 _aMass Uprising
_yJuly, 2024
_z Bangladesh
_916127
942 _2ddc
_cBK
999 _c85253
_d85253